000 00791nam a22002897a 4500
001 BR2011007458
003 BR-BrBNA
005 20230928103812.0
007 ta
008 230509b bl.||||| |||| 00| 0 por d
040 _aBR-BrBNA
_bpor
_cBiblioteca Nacional de Agricultura
041 _a(Por)
072 _aL73
_b4110
090 _ 4110 BR2011007458
100 1 _aOliveira, S.J. de
245 1 _aMicrobiologia veterinária: guia bacteriológico prático
250 1 _a2. ed.
260 3 _aCanoas, RS (Brasil):
_bUlbra,
_c2000.
300 _a237 p.
500 _aBibliography p. 229-234 (60 ref.); 33 tables
650 _aBACTÉRIA
650 _aBIOLOGIA MOLECULAR
650 _aMICROBIOLOGIA
650 _aHABITAT
909 _a202309
_bLucia
_c55
_dLucia Elande
942 _cBK
999 _c76705
_d76705